Normal view
MARC view
Entry Personal Name
001 - CONTROL NUMBER
- control field: 10175
003 - CONTROL NUMBER IDENTIFIER
- control field: OSt
005 - DATE AND TIME OF LATEST TRANSACTION
- control field: 20220918110918.0
008 - FIXED-LENGTH DATA ELEMENTS
- fixed length control field: 220918|| aca||aabn | a|a d
040 ## - CATALOGING SOURCE
- Original cataloging agency: OSt
- Transcribing agency: OSt
100 ## - HEADING--PERSONAL NAME
- Personal name: पंत, प्रदीप, संपा
670 ## - SOURCE DATA FOUND
- Source citation: Work cat.: (OSt)115680: मिश्र, विरेन्द्र, वीरेन्द्र मिश्र, 2010
